|
|
|
|
| LEADER |
00000nbm0a2200000 4500 |
| 001 |
188964 |
| 005 |
20231031175128.0 |
| 035 |
|
|
|a (RuTPU)RU\TPU\book\205259
|
| 090 |
|
|
|a 188964
|
| 100 |
|
|
|a 20101216d1964 k y0rusy50 ca
|
| 101 |
0 |
|
|a rus
|
| 102 |
|
|
|a RU
|
| 105 |
|
|
|a af p 001zy
|
| 200 |
1 |
|
|a Изучение некоторых микрокомпонентов в почвах совхоза "Томский"
|e Отчет о НИР
|e Тема: № 89/63
|f Томский политехнический институт (ТПИ) ; руководитель П. А. Удодов ; Н. М. Шварцева
|
| 210 |
|
|
|a Томск
|d 1964
|
| 215 |
|
|
|a 47 л.
|
| 320 |
|
|
|a Библиогр.: с. 43-45.
|
| 610 |
1 |
|
|a отчеты о НИР
|
| 610 |
1 |
|
|a совхозы
|
| 610 |
1 |
|
|a почва
|
| 610 |
1 |
|
|a микрокомпоненты
|
| 610 |
1 |
|
|a изучение
|
| 610 |
1 |
|
|a практическое значение
|
| 610 |
1 |
|
|a закономерности
|
| 675 |
|
|
|a 631.4
|v 3
|
| 702 |
|
1 |
|a Удодов
|b П. А.
|c российский ученый
|c геохимик
|c профессор Томского политехнического института
|f 1903-1981
|g Павел Афанасьевич
|2 stltpush
|3 (RuTPU)RU\TPU\pers\9241
|4 673
|
| 702 |
|
1 |
|a Шварцева
|b Н. М.
|c российский гидрогеолог
|c доцент Томского политехнического университета
|g Нина Михайловна
|2 stltpush
|3 (RuTPU)RU\TPU\pers\26239
|4 677
|
| 712 |
0 |
2 |
|a Томский политехнический институт (ТПИ)
|c (1944-1991)
|2 stltpush
|3 (RuTPU)RU\TPU\col\1123
|4 595
|
| 801 |
|
1 |
|a RU
|b 63413507
|c 20101216
|
| 801 |
|
2 |
|a RU
|b 63413507
|c 20150210
|g RCR
|
| 942 |
|
|
|c BK
|